Philosophy and the natura of language

Furkejuvvon:
Bibliográfalaš dieđut
Váldodahkki: Cooper, David
Materiálatiipa: Girji
Giella:Undetermined
Almmustuhtton: Great Britain Longman Group 1973
Fáttát:
Fáddágilkorat: Lasit fáddágilkoriid
Eai fáddágilkorat, Lasit vuosttaš fáddágilkora!

MARC

LEADER 00000nam a2200000Ia 4500
008 170316s9999 xx 000 0 und d
090 |a 100 C-40p 
100 |a Cooper, David 
245 |a Philosophy and the natura of language 
260 |a Great Britain 
260 |b Longman Group 
260 |c 1973 
300 |a 22 páginas 
650 |a FILOSOFÍA 
999 |c 15930  |d 15930 
040 |a cru BVZT 
942 |c 15 D  |h 100 C-40p  |2 z